LEADER 00938naa a2200217 u 4500 001 000000094535 003 CaOOAMICUS 005 20070226130139.0 008 040503s1979 be u000 u eng u 020 $a90-6186-089-X 035 $a10993063 040 $aIAR$bita 100 1 $aSneddon, Clive R.$0(OLS)http://pul/name/60736 245 15$aThe "Bible du XIIIe siècle" :$bits medieval public in the light of the manuscript tradition /$cClive R. Sneddon. 260 $aLeuven/Louvain :$bLeuven university press,$c1979. 300 $aS. 127-140, ;$c25 cm 773 0 $aThe Bible and medieval culture. 773 0 $tThe Bible and medieval culture$w()4929 996 $6020$a90-6186-089-X$9(OLS)http://pul/number/6354 996 $6245$aThe "Bible du XIIIe siècle" :$bits medieval public in the light of the manuscript tradition$9(OLS)http://pul/title/121403 996 $6260$aLeuven/Louvain :$bLeuven university press$9(OLS)http://pul/publisher/50689 LEADER 00841naa a2200217 u 4500 001 000000093471 003 CaOOAMICUS 005 20070226130134.0 008 010704s1949 fr u000 u eng u 035 $a10895775 040 $aPUL(R)$bita 100 1 $aVries, Henry P. de,$d1911-$0(OLS)http://pul/name/60143 245 10$aRecent developments in international law in the United States /$cpar Henry P. de Vries. 260 $a[S. l. :$bs. n.],$c1949. 300 $aP. [201-271] 504 $aBibliografia in nota. 650 4$aDiritto internazionale.$0(OLS)http://pul/subject/2505 773 0 $tRecueil des cours$gv.II (1949) 773 0 $tRecueil des cours 1949$w()59742 996 $6245$aRecent developments in international law in the United States$9(OLS)http://pul/title/120334 996 $6260$a[S. l. :$bs. n.]$9(OLS)http://pul/publisher/47882